000 00348nam a2200133Ia 4500
008 240624s9999 xx 000 0 und d
041 _aeng
082 _a658.4 ELS
100 _aELSEVIER
245 _aMANAGEMENT EXTRA DEVELOPMENT FOR HIGH PE
260 _c2007
_aNew Delhi
_bElsevier
300 _axiii, : 114 : p. : cm. ; 28
365 _cRS
_b33.33
999 _c12944
_d12944